书目信息 |
| 题名: |
不一样的色彩性格
|
|
| 作者: | 张勤 著 | |
| 分册: | ||
| 出版信息: | 北京 清华大学出版社 2013.10 |
|
| 页数: | 230页 | |
| 开本: | 21cm | |
| 丛书名: | ||
| 单 册: | ||
| 中图分类: | B848.6 | |
| 科图分类: | ||
| 主题词: | 性格--通俗读物 , 性格 | |
| 电子资源: | ||
| ISBN: | 978-7-302-33520-7 | |
| 000 | 00853nam0 2200265 450 | |
| 001 | 012013135676 | |
| 005 | 20140609081452.03 | |
| 010 | @a978-7-302-33520-7@dCNY32.00 | |
| 100 | @a20131118d2013 em y0chiy0110 ea | |
| 101 | 0 | @achi |
| 102 | @aCN@b110000 | |
| 105 | @aa z 000yy | |
| 106 | @ar | |
| 200 | 1 | @a不一样的色彩性格@9bu yi yang de se cai xing ge@dPersonality colors@f张勤著@zeng |
| 210 | @a北京@c清华大学出版社@d2013.10 | |
| 215 | @a230页@c图@d21cm | |
| 330 | @a本书内容包括:外向性格之红黄性格、内向性格之蓝绿性格、外向性格孩子的因材施教、内向性格孩子的因材施教、性格与择业、性格与沟通等。 | |
| 333 | @a一般读者 | |
| 510 | 1 | @aPersonality colors@zeng |
| 606 | 0 | @a性格@j通俗读物 |
| 606 | 0 | @a性格 |
| 690 | @aB848.6@v5 | |
| 701 | 0 | @a张勤@9zhang qin@4著 |
| 801 | 0 | @aCN@b人天书店@c20131118 |
| 905 | @b548031-33@dB848.6@e1206@f3 | |
| 不一样的色彩性格=Personality colors/张勤著.-北京:清华大学出版社,2013.10 |
| 230页:图;21cm |
| 使用对象:一般读者 |
| ISBN 978-7-302-33520-7:CNY32.00 |
| 本书内容包括:外向性格之红黄性格、内向性格之蓝绿性格、外向性格孩子的因材施教、内向性格孩子的因材施教、性格与择业、性格与沟通等。 |
| ● |
| 相关链接 |
|
|
|
|
正题名:不一样的色彩性格
索取号:B848.6/1206
 
预约/预借
| 序号 | 登录号 | 条形码 | 馆藏地/架位号 | 状态 | 备注 |
| 1 | 548031 | 205480317 | 第一样本阅览室/ [索取号:B848.6/1206] | 在馆 | |
| 2 | 548032 | 205480326 | 第一借阅区/ [索取号:B848.6/1206] | 在馆 | |
| 3 | 548033 | 205480335 | 第一借阅区/ [索取号:B848.6/1206] | 在馆 |